[Event "Mechanics' Summer TNM; 30/90, SD/30"]
[Site "San Francisco"]
[Date "2009.07.07"]
[Round "7.14"]
[White "Riese, Kayven"]
[Black "Lum, Michael"]
[Result "1-0"]
[WhiteElo "1934"]
[BlackElo "1804"]
[PlyCount "27"]
[EventDate "2009.??.??"]

1. e4 c6 2. d4 d5 3. exd5 cxd5 4. c4 Nc6 5. Nc3 (5. cxd5 Qxd5 6. Nf3 (6. Nc3
Qxd4 7. Be3 Qxd1+ 8. Rxd1) 6... Bg4 7. Nc3 Bxf3 8. gxf3 Qxd4 9. Qxd4 Nxd4 10.
Nb5) 5... Nf6 6. Bg5 dxc4 7. Bxc4 Qxd4 8. Qxd4 Nxd4 9. O-O-O e5 10. f4 h6 $2 (
10... Bg4 11. Nf3) 11. fxe5 {Diagram #} hxg5 $4 (11... Nd7 12. Nd5 hxg5 13.
Nc7+ Ke7 14. Rxd4 Rb8 15. Nf3 $16) 12. exf6 Bc5 13. fxg7 Rg8 14. Ne4 1-0

[Event "Mechanics' Summer TNM; 30/90, SD/30"]
[Site "San Francisco"]
[Date "2009.06.09"]
[Round "3.6"]
[White "Riese, Kayven"]
[Black "Margulis, Igor"]
[Result "1-0"]
[WhiteElo "1934"]
[BlackElo "2115"]
[PlyCount "75"]
[EventDate "2009.??.??"]

1. e4 g6 2. d4 Bg7 3. f3 d6 4. Nc3 a6 5. Be3 b5 6. Qd2 Nd7 7. O-O-O Bb7 8. g4
e6 9. Kb1 Ne7 10. Bh6 O-O 11. h4 Bh8 12. h5 Re8 13. Nh3 c5 14. hxg6 fxg6 15.
dxc5 Nxc5 16. Ng5 Nc6 17. Nxh7 Nd4 18. Bg2 Qe7 19. Be3 e5 20. Ng5 Rac8 21. Ne2
Bg7 22. Nxd4 exd4 23. Bxd4 Bxd4 24. Qxd4 Qe5 25. Qxe5 Rxe5 26. f4 Rxg5 27. fxg5
Nxe4 28. Rh6 Rc5 29. Rxg6+ Kf7 30. Bxe4 Bxe4 31. Rf6+ Kg7 32. Rdxd6 Bxc2+ 33.
Kc1 Be4+ 34. Kd2 Rxg5 35. Rxa6 Rxg4 36. Rfb6 Bg6 37. Ra7+ Kh6 38. Rxb5 1-0

[Event "Mechanics' Fall TNM; 30/90, SD/30"]
[Site "San Francisco"]
[Date "2009.10.27"]
[Round "2.5"]
[White "Riese, Kayven"]
[Black "Margulis, Igor"]
[Result "1-0"]
[WhiteElo "1863"]
[BlackElo "2100"]
[PlyCount "54"]
[EventDate "2009.??.??"]

1. e4 d5 2. exd5 Nf6 3. c4 e6 4. Nf3 exd5 5. d4 Bb4+ 6. Bd2 Qe7+ 7. Be2 dxc4 8.
O-O O-O 9. Bxc4 Bxd2 10. Qxd2 a6 11. Re1 Qd6 12. Nc3 b5 13. Bb3 Bb7 14. Ne5 c5
15. Rad1 c4 16. Bc2 Nbd7 17. Qg5 Rfe8 18. h4 b4 19. Ne4 Bxe4 20. Rxe4 Nxe4 21.
Bxe4 Rxe5 22. Qf4 Rae8 23. dxe5 Qxd1+ 24. Kh2 Nxe5 25. Qf5 Ng4+ 26. Kg3 Nf6 27.
Bc6 Qd6+ 1-0

[Event "Mechanics' Summer TNM; 30/90, SD/30"]
[Site "San Francisco"]
[Date "2009.06.25"]
[Round "5.12"]
[White "Riese, Kayven"]
[Black "Newey, Richard"]
[Result "1-0"]
[WhiteElo "1934"]
[BlackElo "1716"]
[PlyCount "55"]
[EventDate "2009.??.??"]

1. e4 d5 2. exd5 Nf6 3. c4 c6 4. Nc3 cxd5 5. d4 e6 6. Nf3 Bb4 7. cxd5 Nxd5 8.
Bd2 O-O 9. Bd3 Nxc3 10. bxc3 Be7 11. O-O Nd7 12. Re1 Nf6 13. Ne5 Nd7 14. f4
Nxe5 15. fxe5 h6 16. Qf3 Bg5 17. Qe4 g6 18. Bxg5 Qxg5 19. Re3 Kh7 20. Rf1 Rb8
21. Ref3 Kg7 22. h4 Qh5 23. g4 Qxh4 24. Rxf7+ Rxf7 25. Qxg6+ Kh8 26. Rxf7 Qe1+
27. Kg2 Qd2+ 28. Rf2 1-0

[Event "Mechanics' Summer TNM; 30/90, SD/30"]
[Site "San Francisco"]
[Date "2009.07.14"]
[Round "8.8"]
[White "Riese, Kayven"]
[Black "Salvo, Tab"]
[Result "0-1"]
[WhiteElo "1934"]
[BlackElo "1723"]
[PlyCount "54"]
[EventDate "2009.??.??"]

1. e4 c5 2. Nf3 d6 3. d4 cxd4 4. Nxd4 a6 5. Nc3 Nf6 6. Bg5 e6 7. f4 Be7 8. Qf3
O-O 9. Bd3 Nbd7 10. O-O-O Qc7 11. g4 Nc5 12. Kb1 b5 13. Bxf6 Bxf6 14. Nce2 Bb7
15. g5 Be7 16. Rhg1 Rac8 17. Rc1 Qb6 18. f5 Nxd3 19. Qxd3 d5 20. f6 dxe4 21.
Qh3 Bc5 22. fxg7 Rfd8 23. g6 fxg6 24. Rxg6 Bxd4 25. Rh6 Bxg7 26. Rxh7 Qf2 27.
Ng3 Qxc2+ 0-1

[Event "Mechanics' Wilkerson Mem TNM; 30/90, SD"]
[Site "San Francisco"]
[Date "2009.09.01"]
[Round "5.25"]
[White "Rosenstein, Perry"]
[Black "Allen, Tom"]
[Result "1-0"]
[WhiteElo "1334"]
[BlackElo "1526"]
[PlyCount "65"]
[EventDate "2009.??.??"]

1. d4 Nf6 2. c4 e5 3. dxe5 Ng4 4. Nf3 Bc5 5. e3 Nc6 6. b3 O-O 7. Be2 Re8 8. O-O
Ngxe5 9. Nxe5 Nxe5 10. Bb2 a5 11. Nc3 Ra6 12. Ne4 Ba7 13. c5 Rh6 14. f4 Ng6 15.
Qd4 f6 16. Bc4+ Kf8 17. Ba3 c6 18. Nd6 Re7 19. Nf5 d5 20. Nxh6 Re4 21. Qd2 gxh6
22. Bd3 Re8 23. Rfe1 Qe7 24. e4 Bxc5+ 25. Bxc5 Qxc5+ 26. Kh1 Qd4 27. f5 Ne5 28.
Qxh6+ Kg8 29. Re3 Ng4 30. Rg3 Rxe4 31. Bxe4 Qxe4 32. h3 Bxf5 33. hxg4 1-0

[Event "Mechanics' Fall TNM; 30/90, SD/30"]
[Site "San Francisco"]
[Date "2009.11.03"]
[Round "3.23"]
[White "Rosenstein, Perry"]
[Black "Goodall, Mike"]
[Result "0-1"]
[WhiteElo "1516"]
[BlackElo "1800"]
[PlyCount "38"]
[EventDate "2009.??.??"]

1. d4 Nf6 2. c4 g6 3. Nc3 Bg7 4. e4 d6 5. f4 O-O 6. Nf3 c5 7. d5 Nbd7 8. Be2
Nb6 9. O-O a6 10. a3 e6 11. b4 Nxe4 12. Nxe4 Bxa1 13. Be3 Bg7 14. bxc5 exd5 15.
cxd5 Re8 16. Bd3 Nxd5 17. Qb3 Nxe3 18. Nxd6 Be6 19. Qxb7 Re7 0-1

[Event "Mechanics' Fall TNM; 30/90, SD/30"]
[Site "San Francisco"]
[Date "2009.11.17"]
[Round "5.26"]
[White "Rosenstein, Perry"]
[Black "Hilliard, Michael"]
[Result "1-0"]
[WhiteElo "1516"]
[BlackElo "1467"]
[PlyCount "61"]
[EventDate "2009.??.??"]

1. d4 d5 2. Nf3 e6 3. c4 c5 4. e3 Nc6 5. Nc3 Nf6 6. Be2 Be7 7. O-O O-O 8. a3
Re8 9. dxc5 Bxc5 10. b4 Bb6 11. Bb2 Bc7 12. Qc2 Ne5 13. Rad1 Re7 14. cxd5 Nxf3+
15. Bxf3 Qd6 16. g3 Rd7 17. Nb5 Qb6 18. a4 exd5 19. Bd4 Qc6 20. Qb3 Bb6 21. Rc1
Qe6 22. Bxf6 gxf6 23. a5 Bd8 24. Nxa7 Rxa7 25. Rxc8 Ra6 26. Rd1 Rc6 27. Rxc6
bxc6 28. b5 Bxa5 29. bxc6 Rd6 30. Bxd5 Qg4 31. Bxf7+ 1-0

[Event "Mechanics' Fall TNM; 30/90, SD/30"]
[Site "San Francisco"]
[Date "2009.12.08"]
[Round "8.20"]
[White "Rosenstein, Perry"]
[Black "Kleiman, Charles"]
[Result "0-1"]
[WhiteElo "1516"]
[BlackElo "1737"]
[PlyCount "74"]
[EventDate "2009.??.??"]

1. d4 Nf6 2. c4 e6 3. Nc3 Bb4 4. a3 Bxc3+ 5. bxc3 c5 6. Qc2 O-O 7. Nf3 Nc6 8.
e4 d6 9. Be2 e5 10. d5 Na5 11. O-O h6 12. h3 Nh7 13. Nh2 f5 14. f4 exf4 15.
Bxf4 fxe4 16. Ng4 Qe7 17. Rae1 Bd7 18. Bh2 b6 19. Bf3 Ng5 20. Bxe4 Rxf1+ 21.
Kxf1 Qf8+ 22. Kg1 Nxe4 23. Qxe4 Re8 24. Nxh6+ Kh8 25. Nf7+ Qxf7 26. Qh4+ Kg8
27. Rf1 Qe7 28. Qxe7 Rxe7 29. Bxd6 Rf7 30. Rxf7 Kxf7 31. Bb8 a6 32. Kf2 Nxc4
33. Bc7 b5 34. Kf3 Bf5 35. Kf4 Bd3 36. g4 Ke7 37. g5 Nxa3 0-1

[Event "Mechanics' Fall TNM; 30/90, SD/30"]
[Site "San Francisco"]
[Date "2009.12.01"]
[Round "7.23"]
[White "Rosenstein, Perry"]
[Black "Krawczyk, Steven"]
[Result "1-0"]
[WhiteElo "1516"]
[BlackElo "981"]
[PlyCount "47"]
[EventDate "2009.??.??"]

1. Nf3 Nc6 2. c4 g6 3. d4 Bg7 4. e4 Nh6 5. d5 Ne5 6. Nxe5 Bxe5 7. Nc3 Bg7 8.
Bf4 c6 9. Be2 O-O 10. Qd2 Nf5 11. exf5 gxf5 12. Bh6 Bxh6 13. Qxh6 Kh8 14. Bd3
Rg8 15. Bxf5 Rg7 16. Rd1 d6 17. Bc2 Qf8 18. g3 c5 19. O-O e6 20. Ne4 Rg6 21.
Qh5 Qg7 22. Nxd6 Rg4 23. Nxf7+ Kg8 24. Nh6+ 1-0

[Event "Mechanics' Wilkerson Mem TNM; 30/90, SD"]
[Site "San Francisco"]
[Date "2009.08.18"]
[Round "3.24"]
[White "Rosenstein, Perry"]
[Black "Nelson, Christopher"]
[Result "0-1"]
[WhiteElo "1334"]
[BlackElo "1563"]
[PlyCount "68"]
[EventDate "2009.??.??"]

1. d4 d5 2. c4 Nf6 3. Nc3 e6 4. Nf3 b6 5. Bg5 Be7 6. e3 O-O 7. Bd3 dxc4 8. Bxc4
Bb7 9. O-O Nbd7 10. Rc1 Re8 11. Nd2 a6 12. a4 h6 13. Bh4 g5 14. Bg3 Nf8 15. Be5
N8h7 16. Bd3 Bd6 17. f4 Bxe5 18. fxe5 Nd5 19. Qh5 Nf4 20. Bxh7+ Kxh7 21. Qxf7+
Kh8 22. Nce4 Rf8 23. Qxc7 Ne2+ 24. Kh1 Rxf1+ 25. Nxf1 Qxc7 26. Rxc7 Bxe4 27.
Nd2 Rf8 28. h3 Bd5 29. e4 Ng3+ 30. Kh2 Nxe4 31. Nxe4 Bxe4 32. Ra7 Rf2 33. h4
Rxg2+ 34. Kh3 g4# 0-1

[Event "Mechanics' Wilkerson Mem TNM; 30/90, SD"]
[Site "San Francisco"]
[Date "2009.08.04"]
[Round "2.20"]
[White "Rosenstein, Perry"]
[Black "Ramachandran, Jayakrishnan"]
[Result "0-1"]
[WhiteElo "1334"]
[BlackElo "1869"]
[PlyCount "88"]
[EventDate "2009.??.??"]

1. d4 Nf6 2. c4 e6 3. Nc3 d5 4. Bf4 Bd6 5. Bg3 b6 6. e3 Bb7 7. Nf3 O-O 8. Qc2
Nc6 9. a3 Ne7 10. Bd3 Ng6 11. O-O a6 12. Nd2 Rc8 13. e4 dxe4 14. Ndxe4 Nxe4 15.
Nxe4 Bxg3 16. Nxg3 Qxd4 17. Rad1 Qc5 18. b4 Qe7 19. Rfe1 c5 20. Qb2 cxb4 21.
Nf5 Qf6 22. Qxf6 gxf6 23. Nd6 Rc7 24. axb4 Nf4 25. Be4 Bxe4 26. Rxe4 Ng6 27.
Rc1 Rd8 28. c5 bxc5 29. Nxf7 Kxf7 30. Rec4 Rcd7 31. g3 cxb4 32. Rxb4 Rd1+ 33.
Rxd1 Rxd1+ 34. Kg2 Ra1 35. Rb7+ Ne7 36. Ra7 e5 37. Kh3 Ke6 38. Kh4 a5 39. Kh5
a4 40. Kh6 a3 41. Kxh7 a2 42. Kg7 Nc6 43. Ra6 Kd5 44. h4 Nb4 0-1

[Event "Mechanics' Wilkerson Mem TNM; 30/90, SD"]
[Site "San Francisco"]
[Date "2009.09.29"]
[Round "9.19"]
[White "Rosenstein, Perry"]
[Black "Sherwood, Peter"]
[Result "1-0"]
[WhiteElo "1334"]
[BlackElo "1760"]
[PlyCount "103"]
[EventDate "2009.??.??"]

1. d4 d5 2. c4 dxc4 3. e4 e5 4. d5 Nf6 5. Nc3 Bc5 6. Bg5 O-O 7. Bxc4 Nbd7 8.
Nf3 h6 9. Bh4 a6 10. a3 Re8 11. b4 Bd6 12. O-O Nf8 13. b5 a5 14. Qb3 b6 15. Nd2
Ng6 16. Bg3 Nh5 17. Be2 Nhf4 18. Bxf4 Nxf4 19. g3 Nxe2+ 20. Nxe2 Bh3 21. Rfd1
Bc5 22. Rac1 Bg4 23. Kf1 Qf6 24. Rxc5 bxc5 25. Nc4 a4 26. Qd3 Qf3 27. Qxf3 Bxf3
28. d6 cxd6 29. Nxd6 Red8 30. Ke1 Kf8 31. Rd2 Ke7 32. Nf5+ Kf6 33. Nc3 Rxd2 34.
Kxd2 Bg4 35. Nd5+ Kg6 36. Nfe7+ Kh7 37. b6 Bd7 38. Kc3 Bc8 39. Kc4 Bb7 40. Kxc5
Rd8 41. Kb5 Ra8 42. f3 g6 43. Nc7 Rd8 44. Ned5 Kg7 45. Kxa4 Kf8 46. Kb5 f5 47.
Ne6+ Ke8 48. Nxd8 Kxd8 49. a4 Kd7 50. a5 Bc6+ 51. Ka6 Kc8 52. Ne7+ 1-0

[Event "Mechanics' Winter TNM; 30/90, SD/30"]
[Site "San Francisco"]
[Date "2009.02.17"]
[Round "7.19"]
[White "Royzen, Igor"]
[Black "Chan, John"]
[Result "1-0"]
[WhiteElo "1715"]
[BlackElo "1563"]
[PlyCount "101"]
[EventDate "2009.??.??"]

1. d4 Nf6 2. Bf4 d6 3. e3 g6 4. h3 Bg7 5. Nf3 h6 6. Be2 Nbd7 7. O-O O-O 8. c4
c6 9. Nc3 Re8 10. Rc1 e5 11. Bh2 e4 12. Nd2 Nf8 13. Qc2 N8h7 14. Ndxe4 Nxe4 15.
Nxe4 Bf8 16. Bd3 Be6 17. c5 d5 18. Nd6 Bxd6 19. Bxd6 f5 20. b4 b5 21. a4 a6 22.
Ra1 Qd7 23. axb5 axb5 24. Ra2 Rxa2 25. Qxa2 Ng5 26. Bf4 Nf7 27. Ra1 g5 28. Bg3
h5 29. Qa7 h4 30. Qxd7 Bxd7 31. Bc7 Rc8 32. Ra7 Be6 33. Ba5 Kf8 34. Be2 g4 35.
hxg4 fxg4 36. Bd3 Ng5 37. Bc7 Ke8 38. Bg6+ Nf7 39. Bd6 Rd8 40. Re7+ Kf8 41.
Rxe6+ Kg8 42. Bxf7+ Kxf7 43. Re7+ Kf6 44. Rc7 Kf5 45. Rxc6 Ra8 46. Rb6 Ke4 47.
c6 Ra1+ 48. Kh2 Ra2 49. c7 Rxf2 50. c8=Q h3 51. Qxg4+ 1-0

[Event "Mechanics' Spring TNM; 30/90, SD/30"]
[Site "San Francisco"]
[Date "2009.03.24"]
[Round "2.21"]
[White "Royzen, Igor"]
[Black "Cole, Tony"]
[Result "1-0"]
[WhiteElo "1722"]
[BlackElo "1413"]
[PlyCount "53"]
[EventDate "2009.??.??"]

1. d4 d5 2. Nf3 Nf6 3. Bf4 Nc6 4. e3 Nh5 5. Bg5 g6 6. c4 f6 7. Bh4 Bg4 8. h3
Bxf3 9. Qxf3 dxc4 10. Bxc4 Nxd4 11. exd4 Qxd4 12. Qxb7 Rd8 13. Qc6+ Rd7 14. O-O
g5 15. Nc3 gxh4 16. Rad1 Qxc4 17. Qxc4 Rxd1 18. Rxd1 Ng7 19. Nd5 Ne6 20. Nxf6+
exf6 21. Qxe6+ Be7 22. Re1 Kd8 23. Qxe7+ Kc8 24. Rc1 Kb7 25. Qxc7+ Ka8 26. Qc6+
Kb8 27. Rc3 1-0

[Event "Mechanics' Spring TNM; 30/90, SD/30"]
[Site "San Francisco"]
[Date "2009.03.31"]
[Round "3.11"]
[White "Royzen, Igor"]
[Black "Fuentes, Romulo"]
[Result "0-1"]
[WhiteElo "1722"]
[BlackElo "2083"]
[PlyCount "58"]
[EventDate "2009.??.??"]

1. d4 Nf6 2. Nf3 e6 3. Bf4 c5 4. c3 Qb6 5. Qb3 d5 6. e3 c4 7. Qc2 Bd6 8. Nbd2
Bxf4 9. exf4 Qd6 10. Ne5 O-O 11. Be2 Nfd7 12. g3 Nc6 13. Ndf3 f6 14. Nxc6 bxc6
15. O-O e5 16. fxe5 fxe5 17. Nxe5 Nxe5 18. dxe5 Qxe5 19. Rfe1 Qf6 20. Bf1 Rb8
21. Qd2 Rb7 22. f4 Bf5 23. b3 cxb3 24. axb3 Rxb3 25. Rxa7 Rxc3 26. Ree7 Rc2 27.
Qb4 c5 28. Rxg7+ Kh8 29. Qe1 Qd4+ 0-1

[Event "Mechanics' Winter TNM; 30/90, SD/30"]
[Site "San Francisco"]
[Date "2009.01.13"]
[Round "2.19"]
[White "Royzen, Igor"]
[Black "Reyes, Edsel Delos"]
[Result "1-0"]
[WhiteElo "1715"]
[BlackElo "1487"]
[PlyCount "62"]
[EventDate "2009.??.??"]

1. d4 Nf6 2. Nf3 g6 3. Bf4 d6 4. e3 Bg7 5. h3 b6 6. Be2 Bb7 7. O-O O-O 8. c4 c5
9. Nc3 cxd4 10. exd4 Na6 11. Qd2 Nc7 12. Bh6 Nd7 13. Bxg7 Kxg7 14. Ng5 h6 15.
Nge4 f5 16. Ng3 Nf6 17. f4 Qe8 18. d5 Qf7 19. Bf3 Ba6 20. b3 h5 21. Nge2 b5 22.
cxb5 Nxb5 23. Nxb5 Bxb5 24. Rfe1 Rfc8 25. Nd4 Bd7 26. Ne6+ Bxe6 27. dxe6 Qe8
28. Bxa8 Rxa8 29. Rac1 Rc8 30. Qa5 Ne4 31. Qxa7 Kf8 1-0

[Event "Mechanics' Spring TNM; 30/90, SD/30"]
[Site "San Francisco"]
[Date "2009.04.14"]
[Round "5.13"]
[White "Royzen, Igor"]
[Black "Standen, Julian"]
[Result "1/2-1/2"]
[WhiteElo "1722"]
[BlackElo "1791"]
[PlyCount "103"]
[EventDate "2009.??.??"]

1. d4 d5 2. c4 c6 3. Nf3 Nf6 4. Bf4 Qb6 5. Qc2 e6 6. e3 Be7 7. Nc3 Nbd7 8. Bd3
h6 9. h3 O-O 10. O-O Re8 11. Rfe1 a6 12. c5 Qd8 13. b4 Nf8 14. Ne5 N6d7 15. Nf3
g5 16. Bh2 f5 17. a4 Bf6 18. b5 Nb8 19. Ne5 Bd7 20. Qe2 Re7 21. Nxd7 Qxd7 22.
Qh5 Kg7 23. Bd6 Re8 24. g4 Qf7 25. Qxf7+ Kxf7 26. gxf5 e5 27. dxe5 Bxe5 28.
Bxe5 Rxe5 29. Ne2 Nfd7 30. Rec1 Nf6 31. Nd4 Re7 32. Ne6 Ne8 33. Be2 Nc7 34.
Nd8+ Kf6 35. Nxb7 Nxb5 36. axb5 Rxb7 37. bxa6 Rba7 38. Rcb1 Nd7 39. Rc1 Kxf5
40. Bg4+ Ke5 41. Bxd7 Rxd7 42. Rcb1 d4 43. exd4+ Rxd4 44. a7 Rd7 45. Rb6 Rdxa7
46. Rxa7 Rxa7 47. Rxc6 h5 48. Rh6 h4 49. Kg2 Ra2 50. c6 Rc2 51. Kf3 Kf5 52. Rd6
1/2-1/2

[Event "Mechanics' Spring TNM; 30/90, SD/30"]
[Site "San Francisco"]
[Date "2009.04.28"]
[Round "7.11"]
[White "Royzen, Igor"]
[Black "Todortsev, Victor"]
[Result "0-1"]
[WhiteElo "1722"]
[BlackElo "1928"]
[PlyCount "88"]
[EventDate "2009.??.??"]

1. d4 Nf6 2. Nf3 g6 3. Bf4 Bg7 4. e3 d6 5. h3 O-O 6. Be2 c5 7. c3 Nc6 8. O-O
Bf5 9. Nbd2 Re8 10. Bh2 e5 11. dxe5 dxe5 12. Nc4 Ne4 13. Qb3 Qe7 14. Rfd1 Red8
15. Rxd8+ Rxd8 16. Rd1 b6 17. Qa4 Bd7 18. Qc2 Bf5 19. Qa4 Bd7 20. Qc2 f5 21.
Bd3 b5 22. Na3 a6 23. Bxe4 fxe4 24. Nd2 Be6 25. Nxe4 Bf5 26. Rxd8+ Qxd8 27. g4
Bxe4 28. Qxe4 Qd6 29. Nc2 Na5 30. b3 c4 31. b4 Nc6 32. Nd4 Ne7 33. Qa8+ Kf7 34.
Qb7 Qd5 35. Qxd5+ Nxd5 36. Nc6 Nxc3 37. Nxe5+ Ke6 38. Nc6 Nxa2 39. e4 c3 40.
Bf4 c2 41. Kf1 Bb2 42. Ke2 c1=Q 43. Bxc1 Bxc1 44. Nb8 Nxb4 0-1

[Event "Mechanics' Winter TNM; 30/90, SD/30"]
[Site "San Francisco"]
[Date "2009.01.27"]
[Round "4.19"]
[White "Royzen, Igor"]
[Black "Wong, Russell"]
[Result "0-1"]
[WhiteElo "1715"]
[BlackElo "2200"]
[PlyCount "86"]
[EventDate "2009.??.??"]

1. d4 g6 2. Nf3 Bg7 3. Bf4 c5 4. e3 Nf6 5. Be2 O-O 6. O-O Qb6 7. Nc3 cxd4 8.
exd4 d6 9. Rb1 Bd7 10. Qd2 Na6 11. Rfe1 e6 12. Bc4 Rfc8 13. Bb3 Qc7 14. Ne4
Nxe4 15. Rxe4 Bc6 16. Re3 Bxf3 17. Rxf3 Qd8 18. c3 Nc7 19. Re1 a5 20. a3 a4 21.
Ba2 d5 22. Bb1 Ne8 23. Bd3 Nd6 24. g4 Nc4 25. Bxc4 dxc4 26. Qe2 Ra5 27. h3 Rb5
28. Qc2 Qd5 29. Rfe3 Rb3 30. Re4 Rc6 31. Be5 Qb5 32. R4e2 Rb6 33. Bxg7 Kxg7 34.
Rb1 Qc6 35. Re5 R6b5 36. Rxb5 Qxb5 37. f4 h5 38. Kf2 Qd5 39. Qe2 hxg4 40. hxg4
Qb5 41. Qe5+ Qxe5 42. dxe5 g5 43. Kf3 Rb5 {Black later won.} 0-1

[Event "Mechanics' Summer TNM; 30/90, SD/30"]
[Site "San Francisco"]
[Date "2009.07.07"]
[Round "7.1"]
[White "Rozenvasser, Anthony"]
[Black "Fuentes, Romulo"]
[Result "0-1"]
[WhiteElo "2167"]
[BlackElo "2093"]
[PlyCount "100"]
[EventDate "2009.??.??"]

1. e4 c5 2. Nf3 d6 3. d4 cxd4 4. Nxd4 Nf6 5. Nc3 a6 6. Be3 e5 7. Nb3 Be6 8. Qd2
Nbd7 9. f3 Be7 10. g4 b5 11. g5 Nh5 12. O-O-O O-O 13. Ne2 Nb6 14. Ng3 Nf4 15.
h4 Nc4 16. Bxc4 bxc4 17. Na1 f6 18. Bxf4 exf4 19. gxf6 Bxf6 20. Ne2 Rb8 21. c3
Be5 22. Nd4 Bd7 23. Nac2 a5 24. Na3 Qc7 25. Ndb5 Bxb5 26. Qd5+ Kh8 27. Nxb5 Qb6
28. a4 Qe3+ 29. Kb1 Qxf3 30. Qxc4 Rfc8 31. Qd3 Qxd3+ 32. Rxd3 Rc4 33. Re1 Rxa4
34. Nxd6 Kg8 35. Kc2 f3 36. Nf5 f2 37. Rf1 Ra2 38. Rf3 Rbxb2+ 39. Kd3 h6 40.
Ne7+ Kh7 41. h5 Rd2+ 42. Kc4 Ra4+ 43. Kb3 Rxe4 44. Nf5 Ree2 45. Ka4 Rc2 46.
Kxa5 Bxc3+ 47. Kb6 Bf6 48. Kb7 Be5 49. Nh4 Rc7+ 50. Ka6 Ra2+ 0-1

[Event "Mechanics' Summer TNM; 30/90, SD/30"]
[Site "San Francisco"]
[Date "2009.06.09"]
[Round "3.3"]
[White "Rozenvasser, Anthony"]
[Black "Krasnov, Steven"]
[Result "1/2-1/2"]
[WhiteElo "2167"]
[BlackElo "1940"]
[PlyCount "52"]
[EventDate "2009.??.??"]

1. e4 c5 2. Nf3 Nc6 3. d4 cxd4 4. Nxd4 Nf6 5. Nc3 Qb6 6. Nb3 e6 7. Be3 Qc7 8.
a3 a6 9. f4 d6 10. Be2 Be7 11. g4 h6 12. Qd2 b5 13. h4 Bb7 14. Bf3 Rd8 15. g5
hxg5 16. hxg5 Rxh1+ 17. Bxh1 Nd7 18. Qf2 Na5 19. Nxa5 Qxa5 20. b4 Qc7 21. Nd1
Rc8 22. c3 Qc4 23. a4 Bxe4 24. Bxe4 Qxe4 25. axb5 axb5 26. Qe2 Qh1+ 1/2-1/2

[Event "Mechanics' Summer TNM; 30/90, SD/30"]
[Site "San Francisco"]
[Date "2009.05.26"]
[Round "1.3"]
[White "Rozenvasser, Anthony"]
[Black "Sherwood, Peter"]
[Result "1-0"]
[WhiteElo "2167"]
[BlackElo "1719"]
[PlyCount "77"]
[EventDate "2009.??.??"]

1. e4 c5 2. Nf3 d6 3. d4 cxd4 4. Nxd4 Nf6 5. Nc3 a6 6. Be3 e5 7. Nb3 Be6 8. f3
d5 9. exd5 Nxd5 10. Nxd5 Qxd5 11. Qxd5 Bxd5 12. c4 Bb4+ 13. Kf2 Bc6 14. a3 Be7
15. Na5 O-O 16. b4 f5 17. f4 Bh4+ 18. Kg1 e4 19. Rd1 Rd8 20. Rxd8+ Bxd8 21. Nb3
g6 22. Kf2 Nd7 23. Be2 Bf6 24. Na5 Rc8 25. b5 axb5 26. cxb5 Bd5 27. Rd1 Be6 28.
Nxb7 Be7 29. a4 Rb8 30. Na5 Ra8 31. Nc6 Kf8 32. a5 Bc5 33. b6 Bxe3+ 34. Kxe3
Nc5 35. Rd8+ Rxd8 36. Nxd8 Bc8 37. Bc4 Ke8 38. Kd4 Kxd8 39. Kxc5 1-0

[Event "Mechanics' Summer TNM; 30/90, SD/30"]
[Site "San Francisco"]
[Date "2009.06.25"]
[Round "5.1"]
[White "Rozenvasser, Anthony"]
[Black "Shin, Kyle"]
[Result "1-0"]
[WhiteElo "2167"]
[BlackElo "1960"]
[PlyCount "73"]
[EventDate "2009.??.??"]

1. e4 e6 2. d4 d5 3. exd5 exd5 4. Bd3 Bd6 5. Nc3 Ne7 6. Qh5 Nbc6 7. Bg5 Nb4 8.
O-O-O c6 9. Nf3 Nxd3+ 10. Rxd3 O-O 11. Bxe7 Qxe7 12. g4 g6 13. Qh3 f5 14. g5 f4
15. Qg2 Bf5 16. Rd2 Bb4 17. Re2 Be4 18. Nxe4 dxe4 19. Qg4 Qf7 20. Rxe4 Qxa2 21.
Qe6+ Qxe6 22. Rxe6 Rae8 23. Rxe8 Rxe8 24. c3 Bd6 25. Kd2 Kf7 26. Kd3 Re7 27. h4
Ke6 28. Ke4 Rf7 29. h5 Rf5 30. hxg6 hxg6 31. Rh6 Rb5 32. Rxg6+ Ke7 33. b4 a5
34. bxa5 Rb2 35. Nh4 Bc7 36. a6 Rxf2 37. Rg7+ 1-0

[Event "Mechanics' Winter TNM; 30/90, SD/30"]
[Site "San Francisco"]
[Date "2009.02.17"]
[Round "7.23"]
[White "Rudzevich, Brian"]
[Black "Delgersaikhan, Amartuvshin"]
[Result "0-1"]
[WhiteElo "976"]
[BlackElo "1627"]
[PlyCount "64"]
[EventDate "2009.??.??"]

1. d4 d5 2. Nf3 Nc6 3. e3 Nf6 4. c4 e6 5. c5 g6 6. Bb5 Bd7 7. Bxc6 Bxc6 8. O-O
Nd7 9. Nc3 Bg7 10. a4 b6 11. b4 bxc5 12. bxc5 Nxc5 13. Ba3 Nd7 14. Qc2 Rb8 15.
Ne2 Bb7 16. Rfc1 c6 17. Bc5 Qa5 18. Qc3 Qxc3 19. Rxc3 Nxc5 20. Rxc5 Bf8 21. Ra5
a6 22. Rb1 Bd6 23. Ne5 Ke7 24. g4 c5 25. Rxb7+ Rxb7 26. Rxa6 Bxe5 27. dxe5 c4
28. Nc3 Rc8 29. Nb5 Rbb8 30. Ra7+ Kf8 31. Nd6 c3 32. Rxf7+ Kg8 {next move in
score is 33 Rf1; since this is illegal, some moves must be missing. B won in
46.} 0-1

[Event "Mechanics' Winter TNM; 30/90, SD/30"]
[Site "San Francisco"]
[Date "2009.01.13"]
[Round "2.16"]
[White "Rudzevich, Brian"]
[Black "Luke, Gary"]
[Result "1/2-1/2"]
[WhiteElo "976"]
[BlackElo "1812"]
[PlyCount "124"]
[EventDate "2009.??.??"]

1. d4 d5 2. Nf3 Bf5 3. e3 Nf6 4. c4 Nbd7 5. Bd2 c6 6. h3 h6 7. Bb4 Qb6 8. Qa4
Qc7 9. Nc3 dxc4 10. g4 Bh7 11. Bg2 Bd3 12. Nd2 a5 13. Ba3 Ra6 14. Qd1 b5 15. b3
b4 16. Nxc4 Bh7 17. Qe2 Ra7 18. Bxb4 axb4 19. Na4 Nd5 20. e4 Nf4 21. Qf3 Nxg2+
22. Qxg2 Qf4 23. f3 e5 24. dxe5 Nxe5 25. Nxe5 Qxe5 26. O-O Bd6 27. Rad1 O-O 28.
f4 Bc5+ 29. Nxc5 Qxc5+ 30. Kh2 Re8 31. e5 Qc2 32. Rd2 Qe4 33. Qf2 Rea8 34. Qxa7
Rf8 35. Qd4 Qg6 36. f5 Qg5 37. Qxb4 h5 38. Qf4 Qe7 39. g5 Qc5 40. Qd4 Qb5 41.
Rff2 h4 42. g6 fxg6 43. Qc4+ Qxc4 44. bxc4 gxf5 45. a4 Re8 46. Rfe2 Kf7 47. e6+
Kf6 48. a5 Bg8 49. c5 f4 50. Rd6 Kf5 51. e7 f3 52. Re3 Kf4 53. Rdd3 Bd5 54. Kg1
Kg3 55. a6 Rb8 56. Rd1 Re8 57. a7 Ra8 58. e8=Q Rxe8 59. Rxe8 f2+ 60. Kf1 Bg2+
61. Ke2 Bf3+ 62. Kf1 Bg2+ 1/2-1/2

[Event "Mechanics' Spring TNM; 30/90, SD/30"]
[Site "San Francisco"]
[Date "2009.04.28"]
[Round "7.28"]
[White "Rudzevich, Brian"]
[Black "Mar, Henry"]
[Result "0-1"]
[WhiteElo "976"]
[BlackElo "1500"]
[PlyCount "66"]
[EventDate "2009.??.??"]

1. d4 Nf6 2. f3 e6 3. Bg5 d5 4. c3 Nbd7 5. Qa4 c6 6. e3 b5 7. Bxb5 cxb5 8. Qxb5
Rb8 9. Qe2 Qb6 10. b4 Ba6 11. Qc2 Rc8 12. a4 Bxb4 13. Ne2 Bxe2 14. Kxe2 Qa6+
15. Kf2 O-O 16. Qb3 Ba5 17. Qb5 Qxb5 18. axb5 Bb6 19. h4 h6 20. Bxf6 Nxf6 21.
h5 Nh7 22. f4 Nf6 23. Ra3 Ne4+ 24. Kf3 f5 25. Rg1 Rc4 26. g4 fxg4+ 27. Rxg4
Ng5+ 28. Kg2 Ne4 29. Kh3 Rfc8 30. Rg6 Kf7 31. Ra2 Nxc3 32. Rag2 Rg8 33. Rc2
Nxb1 0-1

[Event "Mechanics' Spring TNM; 30/90, SD/30"]
[Site "San Francisco"]
[Date "2009.04.14"]
[Round "5.17"]
[White "Rudzevich, Brian"]
[Black "Oca, Homer"]
[Result "0-1"]
[WhiteElo "976"]
[BlackElo "1753"]
[PlyCount "58"]
[EventDate "2009.??.??"]

1. d4 h6 2. Nf3 a6 3. e3 b5 4. Bd2 Nf6 5. c4 c6 6. a4 bxc4 7. Bxc4 d5 8. Bd3 e6
9. a5 Nbd7 10. Qb3 c5 11. Qa4 Bd6 12. Ne5 O-O 13. Qc6 Nxe5 14. dxe5 Bxe5 15.
Qxa8 c4 16. Be2 Qc7 17. Bc3 Nd7 18. Bxe5 Nxe5 19. Nc3 Nc6 20. Bf3 Bb7 21. Nxd5
exd5 22. Qxb7 Qxb7 23. Bxd5 Qb4+ 24. Ke2 Qxb2+ 25. Kf3 Ne5+ 26. Kg3 Nd3 27.
Bxc4 Qxf2+ 28. Kh3 Qf5+ 29. Kg3 Qg5+ 0-1